Commutative algebra /
Guardado en:
| Autor Principal: | |
|---|---|
| Formato: | Libro |
| Idioma: | English |
| Publicado: |
Cambridge [Eng.] :
University Press,
1971.
|
| Series: | London Mathematical Society lecture note series ;
5. |
| Materias: | |
| Acceso en línea: | Publisher description |
| Etiquetas: |
Agregar Etiqueta
Sin Etiquetas, Sea el primero en etiquetar este registro!
|
| LEADER | 01198cam a2200253 4500 | ||
|---|---|---|---|
| 001 | MAT.inmabb007133 | ||
| 008 | 711116s1971####enk######b####000#0#eng## | ||
| 005 | 20180731142826.0 | ||
| 245 | 1 | 0 | |a Commutative algebra / |c J. T. Knight. |
| 260 | |a Cambridge [Eng.] : |b University Press, |c 1971. | ||
| 300 | |a viii, 128 p. ; |c 23 cm. | ||
| 490 | 1 | |a London Mathematical Society lecture note series ; |v 5 | |
| 504 | |a Incluye referencias bibliográficas (p. 124) e índice. | ||
| 505 | 0 | |a 1. Preliminaries -- 2. Flatness -- 3. Fractions -- 4. Supporting and associated prime ideals -- 5. Integers -- 6. Some geometrical results -- 7. Valuation rings -- 8. Prüfer and Dedekind rings -- 9. General exercises -- Appendix 1. Categories -- Appendix 2. The constructible topology. | |
| 510 | 4 | |a MR, |c 48 #8465 | |
| 020 | |a 0521081939 | ||
| 100 | 1 | |a Knight, J. T. |q (James Thomson), |d 1942-1970. | |
| 830 | 0 | |a London Mathematical Society lecture note series ; |v 5. | |
| 650 | 0 | |a Commutative algebra. | |
| 084 | |a 13-02 |2 msc2000 | ||
| 010 | |a 76152625 | ||
| 040 | |a DLC |c DLC |d DLC | ||
| 856 | 4 | 2 | |3 Publisher description |u http://www.loc.gov/catdir/enhancements/fy0803/76152625-d.html |
| 859 | |h 13 |i K69 |p A-9209 |b BIB. MATEMATICA | ||
